Financial Statements Analysis of Companies ( Non-Financial) Listed at Karachi Stock Exchange. (Record no. 522590)

000 -LEADER
fixed length control field 00458nam a22001577a 4500
003 - CONTROL NUMBER IDENTIFIER
control field NUST
005 - DATE AND TIME OF LATEST TRANSACTION
control field 20181122112127.0
008 - FIXED-LENGTH DATA ELEMENTS--GENERAL INFORMATION
fixed length control field 181122b ||||| |||| 00| 0 eng d
038 ## - RECORD CONTENT LICENSOR
Staff Name 0
082 ## - DEWEY DECIMAL CLASSIFICATION NUMBER
Classification number 332.12249591
100 ## - MAIN ENTRY--PERSONAL NAME
Relator code State Bank of Pakistan
245 ## - TITLE STATEMENT
Title Financial Statements Analysis of Companies ( Non-Financial) Listed at Karachi Stock Exchange.
260 ## - PUBLICATION, DISTRIBUTION, ETC.
Place of publication, distribution, etc. Pakistan
Name of publisher, distributor, etc. State Bank of Pakistan
Date of publication, distribution, etc. 2005-2010
300 ## - PHYSICAL DESCRIPTION
Extent 490p.
942 ## - ADDED ENTRY ELEMENTS (KOHA)
Source of classification or shelving scheme
Koha item type Book
Holdings
Withdrawn status Lost status Source of classification or shelving scheme Damaged status Not for loan Permanent Location Current Location Shelving location Date acquired Full call number Barcode Date last seen Price effective from Koha item type
          Central Library (CL) Central Library (CL) Reference 11/22/2018 332.12249591 SBP S3H-N-1725 11/22/2018 11/22/2018 Book
© 2023 Central Library, National University of Sciences and Technology. All Rights Reserved.